| 000 | 00613nam a22001937a 4500 | ||
|---|---|---|---|
| 999 |
_c61058 _d61058 |
||
| 005 | 20231213164756.0 | ||
| 008 | 231213s1989 ru ||||| |||| 00| 0 r d | ||
| 020 | _a5250009670 | ||
| 041 | _arus | ||
| 080 | _a1(470)+1(37/38) A-79 | ||
| 100 |
_aЛосев, А.Ф. _920142 |
||
| 245 |
_aДерзание духа / _cА.Ф. Лосев. |
||
| 264 |
_aМ.: _bПолитиздат, _c1989. |
||
| 300 |
_a366 с.; _b17 cm. |
||
| 440 |
_aЛичность мораль воспитание _920717 |
||
| 653 | _aფილოსოფია | ||
| 653 | _aაზროვნება | ||
| 942 |
_2udc _cᲬᲘᲒᲜᲘ |
||